| 000 | 00376nam a2200133Ia 4500 | ||
|---|---|---|---|
| 008 | 230917s9999||||xx |||||||||||||| ||und|| | ||
| 040 |
_e205347 _aMAIN |
||
| 041 | _aEnglish | ||
| 082 | _a823.09 J953R | ||
| 100 | _aJuneja, Madhubala | ||
| 245 | 0 | _aRacial identity and nationality in the major fiction of Kurt Vonnegut, J R and Bapsi Sidhwa | |
| 300 | _a255 p. | ||
| 942 | _cTH | ||
| 999 |
_c125730 _d125730 |
||